000 00697nam a2200217 4500
001 110189
003 ES-MaACL
005 20250804011247.0
007 t|
008 061121s1962 sp r ||||1| spa d
245 0 3 _aEl Occidente ante el comunismo /
_cWillmoore Kendall ... [et. al.] ; traducción de Rafael Cremades Cepa.
260 _aMadrid :
_bRialp,
_c1962.
300 _a127 p. ;
_c18 cm.
490 1 _aLibros de bolsillo Rialp ;
_v18
650 7 _aComunismo
_2embne
_911211
700 1 _aKendall, Willmoore.
_967826
700 1 _aCremades Cepa, Rafael.
_941484
830 1 0 _aLibros de bolsillo Rialp
_v18
_9181424
852 _aES-MaACL
_jC-23025
999 _c110189
_d110189